| 000 | 01274nam a2200361 i 4500 | ||
|---|---|---|---|
| 001 | 11193 | ||
| 003 | KOSZ 005 | ||
| 005 | 20221024132812.0 | ||
| 008 | 950909s1968 pl a f 000 0 pol | ||
| 040 |
_aKOSZ 005/RW _cKOSZ 005/RW _dKOSZ 005/HR |
||
| 046 | _k1968 | ||
| 080 | _a669.017 | ||
| 080 | _a620.1/.2 | ||
| 080 | _a621.74 | ||
| 100 | 1 |
_aOkoniewski, Stefan _d(1914-2004) _eAutor |
|
| 245 | 0 |
_aTechnologia metali. _nCz. 1, _p Metalurgia, materiałoznawstwo, odlewnictwo / _cStefan Okoniewski. |
|
| 246 | _aMetalurgia, materiałoznawstwo, odlewnictwo | ||
| 260 |
_aWarszawa : _bPaństwowe Wydawnictwa Szkolnictwa Zawodowego, _c1968. |
||
| 300 |
_a275, [1] s. : _bil. ; _c25 cm. |
||
| 336 |
_2rdacontent _aTekst _btxt |
||
| 337 |
_2rdamedia _aBez urządzenia pośredniczącego _bn |
||
| 338 |
_2rdacarrier _aWolumin _bnc |
||
| 380 | _aKsiążki | ||
| 388 | _a1901-2000 | ||
| 388 | _a1945-1989 | ||
| 650 | 4 | _aMateriałoznawstwo | |
| 650 | 4 | _aObróbka metali | |
| 650 | 4 | _aOdlewnictwo | |
| 658 | _aInżynieria i technika | ||
| 710 | 2 |
_aPaństwowe Wydawnictwa Szkolnictwa Zawodowego _4pbl. |
|
| 856 |
_uhttp://koha.tu.koszalin.pl/cgi-bin/koha/opac-detail.pl?biblionumber=11193 _yKatalog online BPK |
||
| 942 |
_cKS _2UKD |
||
| 999 |
_c11193 _d11193 |
||